Lukács és Horkheimer
Elmentve itt :
| Szerző: | |
|---|---|
| Adatforrás: | Philobibl |
| Forrásdokumentuma: | Világosság 34.1993:3. p. 24-32. |
| Dokumentumtípus: | Cikk |
| Nyelv: | magyar |
| Kulcsszavak: | társadalomelmélet történelemelmélet |
| LEADER | 00340nab a2200121 c 4500 | ||
|---|---|---|---|
| 001 | bibPHI0035309 | ||
| 005 | 20200924123447.7 | ||
| 008 | 091007s1993 hu hun | ||
| 100 | 1 | |a Weiss János | |
| 245 | 1 | 0 | |a Lukács és Horkheimer |c Weiss János |
| 695 | |a társadalomelmélet | ||
| 695 | |a történelemelmélet | ||
| 773 | 0 | |t Világosság |g 34.1993:3. p. 24-32. | |